00756nam a2200205Ia 450000500170000000800410001702000150005802000180007304000540009104100080014510000220015324501090017526000570028430000430034165000290038465000440041365000250045765000440048270000240052620211105120702.0130821s2003 xxuab gr eng  z0393974197 a9780393974195 aCo-BoUCM.bspacSaul Niño (Modificó)d[Nuevo]00aeng1 aGrieco, Joseph M.10aState power and world marketsbthe international political economycJoseph M. Grieco y G. John Ikenberry aNueva York (Estados Unidos)bW.W. Norton & Co.c2003 ax, 383 páginasbilustraciones, mapas aEconomía internacional aIntegración económica internacional aPolítica comercial aRelaciones internacionalesxFilosofía1 aIkenberry, G. John.